Ч. 2: Внутренние перенапряжения; Лекции по курсу: "Перенапряжения и защита от перенапряжений"

書目詳細資料
Parent link:Лекции по курсу: "Перенапряжения и защита от перенапряжений": в 3 ч./ А. А. Дульзон; Томский политехнический институт (ТПИ). Ч. 2: Внутренние перенапряжения.— , 1968-1970
語言:俄语
出版: 1968
主題:
格式: 圖書
KOHA link:https://koha.lib.tpu.ru/cgi-bin/koha/opac-detail.pl?biblionumber=33718

MARC

LEADER 00000nam2a2200000 4500
001 33718
005 20231030215913.0
035 |a (RuTPU)RU\TPU\book\34084 
035 |a BOOK00000735 
090 |a 33718 
100 |a 20011210d1968 m y0rusy50 ca 
101 0 |a rus 
102 |a RU 
105 |a a j 001zy 
200 0 |a Ч. 2: Внутренние перенапряжения 
210 |d 1968 
215 |a 102 с.  |c ил. 
320 |a Библиогр.: с. 99. 
461 1 |0 (RuTPU)RU\TPU\book\34082  |t Лекции по курсу: "Перенапряжения и защита от перенапряжений"  |o в 3 ч.  |f А. А. Дульзон  |g Томский политехнический институт (ТПИ)  |v Ч. 2: Внутренние перенапряжения  |d 1968-1970 
610 1 |a электрические системы 
610 1 |a нейтрали 
610 1 |a заземление 
610 1 |a ненагруженные линии 
610 1 |a конденсаторные батареи 
610 1 |a отключение 
610 1 |a перенапряжения 
610 1 |a индуктивность 
610 1 |a замыкания на землю 
610 1 |a резонансные перенапряжения 
610 1 |a дальние электропередачи 
610 1 |a внутренние перенапряжения 
610 1 |a лекции 
610 1 |a учебные пособия 
610 1 |a труды учёных ТПУ 
675 |a 621.3.015(075.8)  |v 3 
675 |a 621.316.933(075.8)  |v 3 
801 0 |a RU  |b 63413507  |c 20011210  |g PSBO 
801 2 |a RU  |b 63413507  |c 20201123  |g PSBO 
900 |a Техника высоких напряжений 
942 |c BK